000 00690nam a2200241Ia 4500
005 20260121112946.0
008 10165 260114s9999 xx 000 0 eng d
020 _a9789814529280
037 _aEBOOK
040 _aCRL
_beng
_cCRL
041 _aeng
_2eng
084 _qCRL
100 _aGibson B F Et Al
_9965952
245 0 _aLampf Users Group Inc. Lugi Symposium: 20 Years of Meson Factory Physics: Accomplishments and Prosp
260 _bWorld Scientific
260 _bWSPC
260 _c1997
650 _aPhysics
_9965953
856 _uhttps://www.worldscientific.com/worldscibooks/10.1142/3577#t=toc
942 _cEBOOK
999 _c1547465
_d1547465